Statistiques concernant Vers le ciel - Rebelle (Paroles)

Cliquez ici pour prendre le quiz!

Statistiques générales

  • Ce quiz a été pris 87 fois
  • Le résultat moyen est 105 sur 118

Statistiques - réponses

Réponse% Correct
ciel
100%
le
100%
me
100%
Vers
100%
vers
100%
et
98%
Et
98%
Je
98%
je
98%
La
98%
la
98%
dans
97%
vent
97%
vole
95%
ma
94%
m'envole
94%
de
92%
que
92%
ce
89%
mon
89%
Quand
89%
se
89%
forêt
88%
liberté
88%
lève
86%
m'appelle
86%
rappelle
85%
montagne
83%
au
82%
d'été
82%
qu'est
82%
belle
80%
vallée
80%
cœur
79%
les
79%
profonde
79%
aussi
76%
Aussi
76%
chante
76%
en
76%
L'eau
76%
sifflant
76%
claire
74%
est
73%
l'aigle
73%
nature
71%
destin
70%
grande
70%
fier
68%
fuyante
68%
main
68%
forte
67%
prendre
67%
furibonde
64%
garde
64%
passés
64%
secrets
64%
saurai
62%
entendre
59%
brun
58%
légende
58%
une
39%

Distribution des résultats

Percentile par nombre de réponses

% des personnes avec chaque résultat

Votre développement - résultats

Vous n’avez pas pris ce quiz